Loading...
The familiar enemy Chaucer, language, and nation in the Hundred Years War /
'The Familiar Enemy' examines the linguistic, literary, and cultural identities of England and France during the Hundred Years War. It explores works by Deschamps, Charles d'Orleans and Gower, as well as Chaucer who, the book argues, must be resituated within the context of the multil...
| Main Author: | |
|---|---|
| Format: | eBook |
| Language: | English |
| Published: |
Oxford :
Oxford University Press,
2009.
|
| Subjects: | |
| Online Access: | Click here to view full text |
| LEADER | 02005nam a2200373 a 4500 | ||
|---|---|---|---|
| 001 | EDZ0000075755 | ||
| 003 | StDuBDS | ||
| 005 | 20200624130734.0 | ||
| 006 | m||||||||d|||||||| | ||
| 007 | cr|||||||||||| | ||
| 008 | 100211s2009 enkab fo 001 0 eng d | ||
| 020 | |a 9780191722127 (ebook) : |c No price | ||
| 040 | |a StDuBDS |c StDuBDS | ||
| 050 | 4 | |a PR275 | |
| 082 | 0 | 4 | |a 820.9358 |2 22 |
| 100 | 1 | |a Butterfield, Ardis. | |
| 245 | 1 | 4 | |a The familiar enemy |h [electronic resource] : |b Chaucer, language, and nation in the Hundred Years War / |c Ardis Butterfield. |
| 260 | |a Oxford : |b Oxford University Press, |c 2009. | ||
| 300 | |a 1 online resource (xxx, 444 p.) : |b ill., maps. | ||
| 500 | |a On-campus only: no User ID or password required | ||
| 520 | 8 | |a 'The Familiar Enemy' examines the linguistic, literary, and cultural identities of England and France during the Hundred Years War. It explores works by Deschamps, Charles d'Orleans and Gower, as well as Chaucer who, the book argues, must be resituated within the context of the multilingual cultural geography of medieval Europe. | |
| 588 | |a Description based on print version record. | ||
| 504 | |a Includes bibliographical references and index. | ||
| 600 | 1 | 0 | |a Chaucer, Geoffrey, |d d. 1400. |
| 650 | 0 | |a English literature |y Middle English, 1100-1500 |x History and criticism. | |
| 650 | 0 | |a French literature |y To 1500 |x History and criticism. | |
| 650 | 0 | |a English literature |y Middle English, 1100-1500 |x French influences. | |
| 650 | 0 | |a French literature |y To 1500 |x English influences. | |
| 650 | 0 | |a Nationalism and literature |z Great Britain |x History |y To 1500. | |
| 650 | 0 | |a Nationalism and literature |z France |x History |y To 1500. | |
| 776 | 0 | 8 | |i Print version |z 9780199574865 |
| 856 | 4 | 0 | |u http://dx.doi.org/10.1093/acprof:oso/9780199574865.001.0001 |z Available Online |y Click here to view full text |
| 999 | |c 99093 |d 99093 | ||
| 952 | |0 0 |1 0 |4 0 |6 EBOOK |7 0 |9 98519 |a UL |b UL |c ST1 |d 2013-06-03 |l 0 |o eBook |r 2013-06-03 |w 2013-06-03 |y EB |z eBook from Oxford Scholarship Online | ||